LEADER 02783oam 2200613I 450 001 9910153181703321 005 20240501164002.0 010 $a9781315355665 010 $a1315355663 010 $a9781315372976 010 $a1315372975 010 $a9781482240184 010 $a1482240181 024 7 $a10.1201/9781315372976 035 $a(CKB)3710000000960846 035 $a(MiAaPQ)EBC4748391 035 $a(OCoLC)964527625 035 $a(OCoLC)965168214 035 $a(OCoLC-P)965168214 035 $a(CaSebORM)9781315355665 035 $a(EXLCZ)993710000000960846 100 $a20180706d2017 uy 0 101 0 $aeng 135 $aurcnu|||||||| 181 $2rdacontent 182 $2rdamedia 183 $2rdacarrier 200 10$aCulture matters $edecision-making in global virtual teams /$fNorhayati Zakaria 205 $a1st ed. 210 1$aBoca Raton, Fla. :$cCRC Press,$d2017. 215 $a1 online resource (253 pages) 300 $a6: Fons Trompenaars and Charles Hampden-Turner: Seven Cultural Dimensions: A Mirror Image of Problem-Solving in the Workplace. 311 08$a9781482240160 311 08$a1482240165 320 $aIncludes bibliographical references and index. 327 $asection I. Global virtual team -- section II. Culture and its meaning -- section III. Distributed decision-making processes and activities -- section IV. Cultural influences on distributed decision making -- section V. Strategies and competencies for managing global virtual teams. 330 $aGlobal virtual teams (GVTs) have evolved as a common work structure in multinational corporations due to their efficiency and cost-effectiveness. The cultural differences can produce great benefits in terms of perspective, creativity, and innovation, but can also exacerbate interpersonal tensions, miscommunications, and clashing decision-making behaviors. This book outlines cultural competencies specific to GVTs and sheds light on management strategies for creating an optimal inter-cultural GVT environment. It covers theory, decision making strategies, and activities for cultural competence and problem resolution, all told through vignettes and lessons-learned. 606 $aVirtual work teams 606 $aDecision making$vCross-cultural studies 606 $aIntercultural communication 606 $aManagement$vCross-cultural studies 615 0$aVirtual work teams. 615 0$aDecision making 615 0$aIntercultural communication. 615 0$aManagement 676 $a658.4/022 700 $aNorhayati Zakaria$f1969-,$0972345 801 0$bMiAaPQ 801 1$bMiAaPQ 801 2$bMiAaPQ 906 $aBOOK 912 $a9910153181703321 996 $aCulture matters$92210881 997 $aUNINA LEADER 00943nam0-22003131i-450 001 990006504310403321 005 20250512182857.0 035 $a000650431 100 $a20010426d1970----km-y0itay50------ba 101 0 $aita 105 $ay-------001yy 200 1 $aArturo Labriola e il sindacalismo rivoluzionario in Italia$fDora Marucco 210 $aTorino$cFondazione Luigi Einaudi$d1970. 215 $a350 p.$d24 cm 225 1 $aFondazione Luigi Einaudi$iStudi$v10 610 0 $aSindacalismo$aItalia 676 $a331.80945 676 $a335.82$v22$zita 700 1$aMarucco,$bDora$0105231 801 0$aIT$bUNINA$gRICA$2UNIMARC 901 $aBK 912 $a990006504310403321 952 $aCOLLEZ. 130 (10)$b27764$fFSPBC 952 $aDPR 28-93$b2905$fDEC 952 $aMAR / MAR 13$b12731$fBFS 959 $aFSPBC 959 $aDEC 996 $aArturo Labriola e il sindacalismo rivoluzionario in Italia$9298377 997 $aUNINA